[Event "Titled Tue 24th Jun Early"]
[Site "chess.com INT"]
[Date "2025.06.24"]
[Round "6"]
[White "Vandan Alankar Sawai"]
[Black "Perez Cruz, Adianet"]
[Result "1/2-1/2"]
[WhiteTitle "CM"]
[BlackTitle "WFM"]
[WhiteElo "1955"]
[BlackElo "1984"]
[WhiteFideId "25973096"]
[BlackFideId "3510115"]
[EventDate "2025.06.24"]

1. e4 c6 2. d4 d5 3. Nc3 dxe4 4. Nxe4 Nf6 5. Nxf6+ gxf6 6. c3 Bf5 7. Nf3 Nd7 8.
g3 Be4 9. Bg2 e6 10. Qe2 f5 11. Bf4 Nb6 12. O-O h5 13. h4 Bh6 14. Ng5 Bxg2 15.
Kxg2 Bxg5 16. Bxg5 Qd5+ 17. Kh2 Kd7 18. b3 Rag8 19. c4 Qe4 20. Rfe1 Qxe2 21.
Rxe2 Kc8 22. Rd1 Rg6 23. Kg2 Rhg8 24. Kf1 Kd7 25. a4 f6 26. Bf4 Re8 27. Bc1 Kc8
28. Ba3 e5 29. dxe5 fxe5 30. Rde1 Rge6 31. Bb2 Nd7 32. Ba3 e4 33. f4 1/2-1/2

[Event "Titled Tue 24th Jun Early"]
[Site "chess.com INT"]
[Date "2025.06.24"]
[Round "6"]
[White "Radchenko, Alexey"]
[Black "Parfenov, Viktor N."]
[Result "1-0"]
[WhiteTitle "FM"]
[BlackTitle "CM"]
[WhiteElo "2290"]
[BlackElo "2193"]
[WhiteFideId "4192362"]
[BlackFideId "4165969"]
[EventDate "2025.06.24"]

1. d4 Nf6 2. Nf3 g6 3. Nbd2 d5 4. e3 Bg7 5. c4 c5 6. Be2 cxd4 7. Nxd4 Nc6 8.
N2f3 O-O 9. O-O Nxd4 10. Nxd4 e5 11. Nf3 Re8 12. Bd2 d4 13. exd4 exd4 14. Bd3
Nd7 15. Re1 Nc5 16. Rxe8+ Qxe8 17. Bf1 a5 18. b4 axb4 19. Bxb4 Ne6 20. Qd2 b6
21. Re1 Qa4 22. a3 Bb7 23. Ne5 Re8 24. h4 h5 25. Bd3 Qb3 26. Nxg6 fxg6 27. Bxg6
Rf8 28. Rxe6 d3 29. Bxf8 1-0

[Event "Titled Tue 24th Jun Early"]
[Site "chess.com INT"]
[Date "2025.06.24"]
[Round "6"]
[White "Martinez Alcantara, Jose Eduardo"]
[Black "Esipenko, Andrey"]
[Result "1-0"]
[WhiteTitle "GM"]
[BlackTitle "GM"]
[WhiteElo "2611"]
[BlackElo "2689"]
[WhiteFideId "3805662"]
[BlackFideId "24175439"]
[EventDate "2025.06.24"]

1. c4 e6 2. g3 d5 3. Nf3 Nf6 4. Bg2 Be7 5. O-O O-O 6. d3 c5 7. Nc3 Nc6 8. Bf4 b6
9. cxd5 Nxd5 10. Nxd5 exd5 11. d4 Be6 12. Qa4 Qd7 13. dxc5 bxc5 14. Rfd1 h6 15.
Rac1 Rac8 16. Bd2 1-0

[Event "Titled Tue 24th Jun Early"]
[Site "chess.com INT"]
[Date "2025.06.24"]
[Round "6"]
[White "Avalos Parra, Joao"]
[Black "Oppezzo, Sebastian"]
[Result "1-0"]
[WhiteTitle "FM"]
[WhiteElo "2150"]
[BlackElo "2177"]
[WhiteFideId "3402541"]
[BlackFideId "112321"]
[EventDate "2025.06.24"]

1. d4 g6 2. c4 Bg7 3. Nc3 d6 4. e4 Nc6 5. Be3 e5 6. d5 Nce7 7. g4 f5 8. gxf5
gxf5 9. Qh5+ Kf8 10. exf5 Nf6 11. Qf3 Bxf5 12. Bh3 Qd7 13. O-O-O a6 14. Bg5 Kf7
15. Re1 Raf8 16. Bxf6 Bxf6 17. Ne4 Ke8 18. Ne2 Bxh3 19. Nxf6+ Rxf6 20. Qxf6 Rf8
21. Qh6 Qf5 22. Ng3 Qxf2 23. Qxh3 1-0

[Event "Titled Tue 24th Jun Early"]
[Site "chess.com INT"]
[Date "2025.06.24"]
[Round "6"]
[White "Povshednyi, Ivan"]
[Black "Grot, Blazej"]
[Result "0-1"]
[WhiteTitle "FM"]
[BlackTitle "CM"]
[WhiteElo "2309"]
[BlackElo "2187"]
[WhiteFideId "14190907"]
[BlackFideId "21835845"]
[EventDate "2025.06.24"]

1. Nf3 Nf6 2. g3 e6 3. Bg2 d5 4. O-O Bd6 5. c4 O-O 6. d4 Nc6 7. Nbd2 a5 8. a3 a4
9. Qc2 dxc4 10. Nxc4 Be7 11. Rd1 Bd7 12. Bf4 Nd5 13. Bd2 Bf6 14. e4 Nb6 15. Bf4
Nxc4 16. Qxc4 Na5 17. Qe2 Nb3 18. Rab1 Ra5 19. h4 h6 20. Qc2 Bc6 21. Be3 Re8 22.
Qd3 Bb5 23. Qc3 Bc6 24. Nd2 Bxd4 25. Bxd4 Qxd4 26. Nxb3 Qxc3 27. bxc3 axb3 28.
e5 Rxa3 29. Bxc6 bxc6 30. Rd4 c5 31. Rc4 Rb8 32. Rxc5 b2 0-1

[Event "Titled Tue 24th Jun Early"]
[Site "chess.com INT"]
[Date "2025.06.24"]
[Round "6"]
[White "Ivannikov, Maksim"]
[Black "Ter-Sahakyan, Samvel"]
[Result "0-1"]
[WhiteTitle "CM"]
[BlackTitle "GM"]
[WhiteElo "2184"]
[BlackElo "2611"]
[WhiteFideId "34275339"]
[BlackFideId "13302531"]
[EventDate "2025.06.24"]

1. e4 e6 2. d4 d5 3. exd5 exd5 4. Nf3 Nf6 5. Bd3 c5 6. O-O c4 7. Re1+ Be7 8. Bf1
O-O 9. b3 cxb3 10. axb3 Nc6 11. Bb2 Bg4 12. h3 Bh5 13. g4 Bg6 14. Ne5 Nxe5 15.
dxe5 Ne4 16. Bg2 Rc8 17. Bd4 a6 18. f3 Nc5 19. Nc3 Ne6 20. Kh1 Bb4 21. f4 Bxc2
22. Qxc2 Nxd4 23. Qd3 Bxc3 24. Rad1 Bxe1 25. Qxd4 Bc3 26. Qa7 d4 27. Qxb7 d3 28.
Qxa6 d2 29. e6 fxe6 30. Qxe6+ Kh8 31. Qe3 Qd4 32. Qxd4 Bxd4 33. Rxd2 Rc1+ 34.
Kh2 Be3 0-1

[Event "Titled Tue 24th Jun Early"]
[Site "chess.com INT"]
[Date "2025.06.24"]
[Round "6"]
[White "Golsta, Madara"]
[Black "Plichta, Kamil"]
[Result "0-1"]
[BlackTitle "FM"]
[WhiteElo "2008"]
[BlackElo "2361"]
[WhiteFideId "11607386"]
[BlackFideId "1141830"]
[EventDate "2025.06.24"]

1. e4 g6 2. d4 Bg7 3. c4 d6 4. Nc3 Nf6 5. Be2 O-O 6. h4 h5 7. Bg5 Nc6 8. Nf3 Bg4
9. Qd2 Nd7 10. d5 Nce5 11. O-O-O c6 12. Nxe5 Nxe5 13. Bxg4 Nxg4 14. f3 Ne5 15.
b3 Re8 16. Ne2 b5 17. Nd4 bxc4 18. f4 Nd3+ 19. Kb1 Bxd4 0-1

[Event "Titled Tue 24th Jun Early"]
[Site "chess.com INT"]
[Date "2025.06.24"]
[Round "6"]
[White "Sriansh Das"]
[Black "Vinolas Anglada, Laura"]
[Result "0-1"]
[WhiteTitle "FM"]
[BlackTitle "WCM"]
[WhiteElo "2340"]
[BlackElo "2059"]
[WhiteFideId "45030081"]
[BlackFideId "24517925"]
[EventDate "2025.06.24"]

1. e4 e5 2. Nf3 Nc6 3. Bc4 Bc5 4. d3 Nf6 5. O-O d6 6. c3 a6 7. a4 Ba7 8. Bb3 h6
9. Bc2 O-O 10. h3 Re8 11. Re1 d5 12. Nbd2 Be6 13. b4 Qd7 14. b5 axb5 15. axb5
Bxf2+ 16. Kxf2 Rxa1 17. bxc6 Qxc6 18. Nb1 Qb6+ 19. Be3 Qb2 20. Kg1 Rea8 21. Bb3
dxe4 22. Bxe6 exf3 23. Bxf7+ Kxf7 24. gxf3 R8a2 25. Bd2 Rxb1 0-1

[Event "Titled Tue 24th Jun Early"]
[Site "chess.com INT"]
[Date "2025.06.24"]
[Round "6"]
[White "Lugo, Blas"]
[Black "Nikulina, Alena"]
[Result "1-0"]
[WhiteTitle "IM"]
[BlackTitle "WFM"]
[WhiteElo "2399"]
[BlackElo "1875"]
[WhiteFideId "2011263"]
[BlackFideId "4172051"]
[EventDate "2025.06.24"]

1. e4 c5 2. Nf3 e6 3. d4 cxd4 4. Nxd4 Nf6 5. Nc3 Nc6 6. Be3 Bb4 7. Nxc6 bxc6 8.
Bd3 d5 9. exd5 cxd5 10. O-O O-O 11. Bd4 Bd6 12. f4 Re8 13. Kh1 e5 14. fxe5 Bxe5
15. Bxe5 Rxe5 16. Qd2 d4 17. Ne2 Ng4 18. Nxd4 Qh4 19. Nf3 Qe7 20. h3 Nf6 21.
Nxe5 Qxe5 22. Rae1 Qh5 23. Be2 Qd5 24. Qxd5 Nxd5 25. Bf3 Be6 26. c4 Rb8 1-0

[Event "Titled Tue 24th Jun Early"]
[Site "chess.com INT"]
[Date "2025.06.24"]
[Round "6"]
[White "Kornev, Alexei"]
[Black "Zlatin, Alexander"]
[Result "1-0"]
[WhiteTitle "GM"]
[BlackTitle "FM"]
[WhiteElo "2500"]
[BlackElo "2313"]
[WhiteFideId "4120949"]
[BlackFideId "2810549"]
[EventDate "2025.06.24"]

1. d4 Nf6 2. c4 d6 3. Nf3 g6 4. Nc3 Bg7 5. e4 O-O 6. Be2 Nc6 7. d5 Nb8 8. O-O e5
9. Bg5 h6 10. Bh4 g5 11. Bg3 Bg4 12. Nd2 Bd7 13. c5 dxc5 14. Bxe5 Re8 15. Bg3
Qc8 16. a4 Ng4 17. Nc4 Ne5 18. Nxe5 Bxe5 19. Bxe5 Rxe5 20. f4 gxf4 21. Rxf4 Na6
22. Bxa6 bxa6 23. Qf3 Qe8 24. Rf1 f5 25. exf5 Rb8 26. Ne4 Qf7 27. Nxc5 Rxb2 28.
Ne6 h5 29. Qg3+ Kh7 30. Qg6+ Qxg6 31. fxg6+ Kxg6 32. Nf8+ Kg5 33. Nxd7 Ree2 34.
R4f2 Rxf2 35. Rxf2 Rb1+ 36. Rf1 Rb4 37. Nc5 Rd4 38. Ne6+ 1-0

[Event "Titled Tue 24th Jun Early"]
[Site "chess.com INT"]
[Date "2025.06.24"]
[Round "6"]
[White "Erigaisi, Arjun"]
[Black "Puzyrevsky, Semyon"]
[Result "1-0"]
[WhiteTitle "GM"]
[BlackTitle "FM"]
[WhiteElo "2782"]
[BlackElo "2292"]
[WhiteFideId "35009192"]
[BlackFideId "24240931"]
[EventDate "2025.06.24"]

1. Nf3 Nf6 2. c4 e6 3. b3 a5 4. Nc3 b6 5. e4 d6 6. d4 Bb7 7. Bd3 Nbd7 8. O-O g6
9. Qe2 Bg7 10. Rd1 O-O 11. h3 e5 12. d5 Nh5 13. g3 Qe8 14. Nb5 Rc8 15. a3 f5 16.
b4 Nhf6 17. Ng5 fxe4 18. Bc2 Ba6 19. Ne6 Bxb5 20. Nxf8 Bxc4 21. Qxc4 Qxf8 22.
Be3 Bh6 23. Qc3 Bxe3 24. Qxe3 Ra8 25. Kg2 Kg7 26. Bxe4 Nxe4 27. Qxe4 Nf6 28. Qc4
Qf7 29. Rac1 axb4 30. Qxc7 bxa3 31. Qxd6 Kg8 32. Rc7 Ne4 33. Qxb6 Qf5 34. Qe6+
Qxe6 35. dxe6 a2 36. Ra1 Ng5 37. Rxa2 1-0

[Event "Titled Tue 24th Jun Early"]
[Site "chess.com INT"]
[Date "2025.06.24"]
[Round "6"]
[White "Evdokimov, Alexey"]
[Black "Hury, Tymoteusz"]
[Result "0-1"]
[WhiteTitle "FM"]
[BlackTitle "CM"]
[WhiteElo "2205"]
[BlackElo "2115"]
[WhiteFideId "24162450"]
[BlackFideId "21839328"]
[EventDate "2025.06.24"]

1. Nf3 Nf6 2. d4 g6 3. c4 Bg7 4. Nc3 d6 5. e4 O-O 6. Be2 e5 7. O-O exd4 8. Nxd4
Re8 9. f3 Nc6 10. Kh1 Nxd4 11. Qxd4 Nxe4 12. Qxg7+ Kxg7 13. Nxe4 Bf5 14. Bg5 Qc8
15. Bf6+ Kg8 16. Bd3 Bxe4 17. Bxe4 c6 18. Rad1 Qe6 19. Bc3 Qxc4 20. Bb1 d5 21.
Rf2 Re6 22. h3 Rae8 23. a3 Qh4 24. Rff1 Re2 25. Bd3 Rf2 26. Rxf2 Qxf2 27. Rf1
Qg3 28. Kg1 b6 29. a4 Re3 30. Bb1 c5 31. f4 d4 32. Bd2 Re2 33. Bc1 Qxg2# 0-1

[Event "Titled Tue 24th Jun Early"]
[Site "chess.com INT"]
[Date "2025.06.24"]
[Round "6"]
[White "Li, Eric 2007"]
[Black "Mateus, Martha"]
[Result "1-0"]
[WhiteTitle "IM"]
[BlackTitle "WIM"]
[WhiteElo "2372"]
[BlackElo "1972"]
[WhiteFideId "30939941"]
[BlackFideId "4401549"]
[EventDate "2025.06.24"]

1. e4 c5 2. Nf3 d6 3. Bb5+ Nc6 4. O-O Bd7 5. Re1 Nf6 6. c4 e5 7. d3 Be7 8. Nc3
O-O 9. a3 Nb8 10. b4 Bg4 11. h3 Bh5 12. Be3 b6 13. Ba4 Qc8 14. Kh2 h6 15. Rg1 g5
16. Ne2 g4 17. Nh4 Nxe4 18. Nf5 Qxf5 19. dxe4 Qxe4 20. Ng3 Qg6 21. Bc2 f5 22.
Qd5+ Kg7 23. Qxa8 e4 24. Nxh5+ Qxh5 25. Bf4 Nd7 26. Qxa7 Rd8 27. Ba4 1-0

[Event "Titled Tue 24th Jun Early"]
[Site "chess.com INT"]
[Date "2025.06.24"]
[Round "6"]
[White "Jimenez Salas, Maria Teresa"]
[Black "Papacek, Stepan"]
[Result "1-0"]
[WhiteTitle "WIM"]
[BlackTitle "FM"]
[WhiteElo "2170"]
[BlackElo "2225"]
[WhiteFideId "3843866"]
[BlackFideId "301035"]
[EventDate "2025.06.24"]

1. e4 e6 2. d4 d5 3. Nc3 Bb4 4. e5 c5 5. Qg4 Ne7 6. dxc5 Nbc6 7. Bd2 Bxc3 8.
Bxc3 d4 9. O-O-O Qd5 10. Bxd4 Qxa2 11. Bc3 O-O 12. Bd3 Nd5 13. Nf3 g6 14. h4
Nxc3 15. bxc3 Qa3+ 16. Kd2 Qxc5 17. Qf4 Qxf2+ 18. Kc1 Ne7 19. Qh6 f5 20. Ng5 1-0

[Event "Titled Tue 24th Jun Early"]
[Site "chess.com INT"]
[Date "2025.06.24"]
[Round "6"]
[White "Fernandez Siles, Luis"]
[Black "Alonso Orta, Osiel Alberto"]
[Result "1-0"]
[WhiteTitle "FM"]
[BlackTitle "FM"]
[WhiteElo "2170"]
[BlackElo "2280"]
[WhiteFideId "2209420"]
[BlackFideId "3531279"]
[EventDate "2025.06.24"]

1. d4 Nf6 2. c4 g6 3. Nc3 Bg7 4. e4 d6 5. Nf3 O-O 6. Be2 e5 7. O-O Nc6 8. d5 Ne7
9. b4 Nd7 10. c5 dxc5 11. bxc5 Nxc5 12. Ba3 b6 13. Rc1 Nb7 14. Nb5 Nd6 15. Nxc7
Rb8 16. Qa4 Rb7 17. Nb5 Nxb5 18. Bxb5 Bd7 19. Bc6 Rc7 20. Rfd1 Bxc6 21. dxc6 1-0

[Event "Titled Tue 24th Jun Early"]
[Site "chess.com INT"]
[Date "2025.06.24"]
[Round "6"]
[White "Hansen, Eric"]
[Black "Al-Tarboush, Ward"]
[Result "1-0"]
[WhiteTitle "GM"]
[BlackTitle "FM"]
[WhiteElo "2609"]
[BlackElo "2223"]
[WhiteFideId "2606771"]
[BlackFideId "7601450"]
[EventDate "2025.06.24"]

1. e4 e6 2. d4 d5 3. Nc3 Nf6 4. Bg5 dxe4 5. Nxe4 Be7 6. Bxf6 gxf6 7. Nf3 f5 8.
Nc3 a6 9. g3 b5 10. Bg2 Bb7 11. O-O b4 12. Ne2 O-O 13. Nf4 Bf6 14. Qe2 Nd7 15.
Rad1 Bg7 16. d5 exd5 17. Nxd5 Re8 18. Qc4 Re4 19. Qxc7 Qc8 20. Nh4 Bxd5 21.
Qxc8+ Rxc8 22. Rxd5 Rd4 23. Nxf5 Rxd5 24. Bxd5 Rxc2 25. Rd1 Bxb2 26. Kg2 Kf8 27.
Bb3 Rc7 28. Rd6 Rc5 29. g4 Ke8 30. Ba4 Rc7 31. Rxa6 f6 32. Ra8+ Kf7 33. Bb3+ 1-0

[Event "Titled Tue 24th Jun Early"]
[Site "chess.com INT"]
[Date "2025.06.24"]
[Round "6"]
[White "Crispin Ferreras, Darvi Abraham"]
[Black "Wan, Yunguo"]
[Result "0-1"]
[WhiteTitle "CM"]
[BlackTitle "GM"]
[WhiteElo "2150"]
[BlackElo "2501"]
[WhiteFideId "6402771"]
[BlackFideId "8603189"]
[EventDate "2025.06.24"]

1. d4 Nf6 2. c4 e6 3. Nc3 d5 4. Bg5 Be7 5. e3 O-O 6. Nf3 b6 7. Bxf6 Bxf6 8. cxd5
exd5 9. Be2 Bb7 10. O-O c5 11. Rc1 a6 12. b3 Nd7 13. Na4 Rc8 14. Qd2 c4 15. bxc4
dxc4 16. Nc3 b5 17. a3 Be7 18. Qb2 Qa5 19. Ra1 Nb6 20. e4 Na4 21. Nxa4 Qxa4 22.
Bd1 c3 23. Qc2 Qa5 24. Be2 Bxa3 25. Ne5 Qb4 26. Rfd1 Qb2 27. Bd3 Qxc2 28. Bxc2
Bb2 29. Ra2 Rfe8 30. f4 f6 31. Bb3+ Kf8 32. Nd3 c2 33. Bxc2 Rxc2 34. Rxb2 Rxb2
35. Nxb2 Rxe4 36. g3 Re2 37. Nd3 Rg2+ 38. Kf1 Rxh2 39. Nc5 Rh1+ 40. Ke2 Bf3+ 0-1

[Event "Titled Tue 24th Jun Early"]
[Site "chess.com INT"]
[Date "2025.06.24"]
[Round "6"]
[White "Shankland, Sam"]
[Black "Bortnyk, Olexandr"]
[Result "1/2-1/2"]
[WhiteTitle "GM"]
[BlackTitle "GM"]
[WhiteElo "2666"]
[BlackElo "2601"]
[WhiteFideId "2004887"]
[BlackFideId "14120828"]
[EventDate "2025.06.24"]

1. c4 d6 2. g3 Nf6 3. Bg2 g6 4. Nc3 Bg7 5. d4 O-O 6. Nf3 Bf5 7. h3 Ne4 8. Qb3
Nxc3 9. bxc3 Be4 10. h4 h5 11. O-O b6 12. Ng5 Bxg2 13. Kxg2 Nc6 14. e4 Na5 15.
Qd1 Nxc4 16. g4 hxg4 17. Qxg4 Qc8 18. Qe2 b5 19. a4 a6 20. axb5 axb5 21. Rxa8
Qxa8 22. h5 Qc8 23. Rh1 f6 24. hxg6 fxg5 25. Qh5 Rf6 26. Qh7+ Kf8 27. Qh8+ Bxh8
28. Rxh8+ Kg7 29. Rxc8 g4 30. Rxc7 Rf3 31. Rxe7+ Kxg6 32. Be3 Nxe3+ 33. fxe3
Rxe3 34. Re6+ Kg5 35. Rxd6 Rxc3 36. Rd5+ Kf4 37. Rf5+ Kxe4 38. Rxb5 Kxd4 39. Rg5
g3 40. Rxg3 Rxg3+ 41. Kxg3 1/2-1/2

[Event "Titled Tue 24th Jun Early"]
[Site "chess.com INT"]
[Date "2025.06.24"]
[Round "6"]
[White "Araujo Filho, Luiz Antonio Coel"]
[Black "Xalmatov, Yakubjon"]
[Result "1-0"]
[BlackTitle "CM"]
[WhiteElo "2077"]
[BlackElo "2096"]
[WhiteFideId "2130661"]
[BlackFideId "14201615"]
[EventDate "2025.06.24"]

1. d4 d5 2. Nf3 Nf6 3. e3 c5 4. c3 cxd4 5. exd4 Nc6 6. Nbd2 Bg4 7. Qa4 a6 8. Ne5
Bd7 9. Nxd7 Qxd7 10. Bd3 e6 11. O-O Bd6 12. Re1 O-O 13. Nf3 h6 14. Ne5 Qc7 15.
f4 b5 16. Qd1 b4 17. Bd2 bxc3 18. bxc3 Rfb8 19. Rb1 Rxb1 20. Bxb1 Rb8 21. Qa4
Na5 22. Bd3 Rb2 23. Re2 Nc4 24. Nxc4 dxc4 25. Qxc4 Bxf4 26. Bxf4 Qxf4 27. Qc8+ 1-0

[Event "Titled Tue 24th Jun Early"]
[Site "chess.com INT"]
[Date "2025.06.24"]
[Round "6"]
[White "Diachek, Andrii"]
[Black "Bustelo, Tabare"]
[Result "1-0"]
[WhiteTitle "CM"]
[BlackTitle "CM"]
[WhiteElo "2177"]
[BlackElo "2043"]
[WhiteFideId "34106499"]
[BlackFideId "3000362"]
[EventDate "2025.06.24"]

1. c4 b6 2. d4 Bb7 3. Nc3 h5 4. e4 e6 5. Nf3 c5 6. d5 d6 7. dxe6 fxe6 8. e5 d5
9. cxd5 exd5 10. Bb5+ Kf7 11. Ng5+ Ke7 12. Qd3 Rh6 13. Qf3 Nf6 14. exf6+ Rxf6
15. Qxh5 Nc6 16. O-O Kd6 17. Nf7+ Rxf7 18. Qxd5+ 1-0

[Event "Titled Tue 24th Jun Early"]
[Site "chess.com INT"]
[Date "2025.06.24"]
[Round "6"]
[White "Kollars, Dmitrij"]
[Black "Kobalia, Mikhail"]
[Result "1-0"]
[WhiteTitle "GM"]
[BlackTitle "GM"]
[WhiteElo "2633"]
[BlackElo "2538"]
[WhiteFideId "12909572"]
[BlackFideId "4119150"]
[EventDate "2025.06.24"]

1. e4 e5 2. Nf3 Nc6 3. Bc4 Nf6 4. Ng5 d5 5. exd5 Na5 6. Bb5+ c6 7. dxc6 bxc6 8.
Be2 h6 9. Nf3 e4 10. Ne5 Bd6 11. d4 exd3 12. Nxd3 Qc7 13. b3 O-O 14. Bb2 Nd5 15.
Nd2 Bf5 16. Nf3 Bxd3 17. Bxd3 Rfe8+ 18. Kf1 Nf4 19. g3 Qd7 20. h4 Nd5 21. Kg2
Bxg3 22. Kxg3 Qd6+ 23. Kg2 Nf4+ 24. Kf1 Rad8 25. Rg1 f6 26. Qd2 Nxd3 27. Qxd3
Qxd3+ 28. cxd3 Rxd3 29. Rg3 Re4 30. Re1 Rf4 31. Re3 Rd1+ 32. Kg2 Rb1 33. Bc3 1-0

[Event "Titled Tue 24th Jun Early"]
[Site "chess.com INT"]
[Date "2025.06.24"]
[Round "6"]
[White "Delorme, Axel"]
[Black "Dann, Matthias"]
[Result "0-1"]
[WhiteTitle "GM"]
[BlackTitle "IM"]
[WhiteElo "2475"]
[BlackElo "2446"]
[WhiteFideId "632023"]
[BlackFideId "24638056"]
[EventDate "2025.06.24"]

1. e4 c5 2. Nf3 d6 3. Bb5+ Bd7 4. Bxd7+ Nxd7 5. O-O e6 6. d4 cxd4 7. Qxd4 Ngf6
8. c4 Be7 9. Nc3 O-O 10. b3 a6 11. Bb2 Rb8 12. Rad1 b5 13. cxb5 axb5 14. e5 dxe5
15. Nxe5 Nxe5 16. Qxe5 Qa5 17. a4 Qb4 18. Nxb5 Qxb3 19. Ra1 Rfc8 20. Ba3 Bxa3
21. Nxa3 Qxa4 22. Rfc1 Qxa3 0-1

[Event "Titled Tue 24th Jun Early"]
[Site "chess.com INT"]
[Date "2025.06.24"]
[Round "6"]
[White "Tristan, Leonardo"]
[Black "Sipila, Vilka"]
[Result "0-1"]
[WhiteTitle "GM"]
[BlackTitle "IM"]
[WhiteElo "2536"]
[BlackElo "2465"]
[WhiteFideId "113816"]
[BlackFideId "505455"]
[EventDate "2025.06.24"]

1. d4 g6 2. e4 Bg7 3. Nc3 b6 4. f4 Bb7 5. Nf3 e6 6. Bd3 Ne7 7. h4 c5 8. dxc5
bxc5 9. e5 d6 10. exd6 Nd5 11. Ne4 Nc6 12. c3 Qb6 13. d7+ Kxd7 14. Bc4 Rad8 15.
Be3 Kc8 16. Bxc5 Qxb2 17. Rb1 Nxc3 18. Qxd8+ Rxd8 19. Rxb2 Rd1+ 20. Kf2 Nxe4+
21. Ke3 Rxh1 22. Rxb7 Kxb7 23. Kxe4 Rc1 24. Nd2 Na5 25. Ba3 Rc2 26. Kd3 Rc3+ 0-1

[Event "Titled Tue 24th Jun Early"]
[Site "chess.com INT"]
[Date "2025.06.24"]
[Round "6"]
[White "Dubnevych, Maksym"]
[Black "Milanovic, Vojislav"]
[Result "1-0"]
[WhiteTitle "FM"]
[BlackTitle "IM"]
[WhiteElo "2296"]
[BlackElo "2293"]
[WhiteFideId "14184001"]
[BlackFideId "905046"]
[EventDate "2025.06.24"]

1. Nc3 g6 2. h4 h5 3. d4 Bg7 4. Bg5 Nf6 5. e4 d6 6. e5 Nh7 7. Bf4 O-O 8. Bc4 c5
9. dxc5 dxe5 10. Qxd8 Rxd8 11. Be3 Nf6 12. Nf3 Nc6 13. Ng5 e6 14. f3 Nd5 15. Bd2
Nd4 16. O-O-O Bd7 17. Nxd5 exd5 18. Bxd5 Be6 19. Bxe6 Nxe6 20. Nxe6 fxe6 21. Bg5
Rdc8 22. Rd7 Rxc5 23. Rxb7 Rac8 24. c3 a5 25. Rd1 R5c7 26. Rd7 Rxb7 27. Rxb7 a4
28. a3 Rc4 29. Rb4 Rc7 30. Rxa4 Rd7 31. Ra8+ Kf7 32. Rd8 Rb7 33. Kc2 Bf6 34.
Bxf6 Kxf6 35. a4 e4 36. fxe4 Ke5 37. a5 Kxe4 38. b4 e5 39. a6 Rb6 40. a7 1-0

[Event "Titled Tue 24th Jun Early"]
[Site "chess.com INT"]
[Date "2025.06.24"]
[Round "6"]
[White "Redor, Menandro"]
[Black "Pranav K P"]
[Result "1-0"]
[BlackTitle "FM"]
[WhiteElo "2021"]
[BlackElo "2276"]
[WhiteFideId "5222010"]
[BlackFideId "25685805"]
[EventDate "2025.06.24"]

1. d4 Nf6 2. Bf4 g6 3. Nc3 Bg7 4. e4 d6 5. Qd2 Nbd7 6. O-O-O O-O 7. Nf3 Re8 8.
e5 Nh5 9. Bh6 Bxh6 10. Qxh6 Ng7 11. Ng5 Nf8 12. Bc4 e6 13. g4 a6 14. h4 b5 15.
Bd3 b4 16. Nce4 dxe5 17. dxe5 Qd4 18. Nf6+ Kh8 19. Ngxh7 Nf5 20. gxf5 Qf4+ 21.
Qxf4 Kg7 22. Nxf8 Rxf8 23. fxg6 fxg6 24. h5 Kf7 25. hxg6+ Ke7 26. Rh7+ Kd8 27.
Bb5+ Bd7 28. Rdxd7+ Kc8 29. Rxc7+ Kb8 30. Rb7+ Kc8 31. Rhc7+ Kd8 32. Qd4# 1-0

[Event "Titled Tue 24th Jun Early"]
[Site "chess.com INT"]
[Date "2025.06.24"]
[Round "6"]
[White "Guerrero Cataldo, Juan Andres"]
[Black "Toktomushev, Teimur"]
[Result "0-1"]
[WhiteTitle "CM"]
[BlackTitle "FM"]
[WhiteElo "2082"]
[BlackElo "2390"]
[WhiteFideId "3421260"]
[BlackFideId "14176726"]
[EventDate "2025.06.24"]

1. c4 e6 2. Nf3 d5 3. g3 Nf6 4. Bg2 Be7 5. O-O O-O 6. d4 c6 7. Nbd2 b6 8. Qc2
Ba6 9. b3 Nbd7 10. Bb2 Rc8 11. Rac1 c5 12. dxc5 Bxc5 13. e3 dxc4 14. Nxc4 b5 15.
Nce5 Nxe5 16. Nxe5 Bxe3 17. Nc6 Bxc1 18. Rxc1 Qd7 19. Ba3 Rfe8 20. Qb1 Nd5 21.
Ne5 Rxc1+ 22. Bxc1 Qc7 23. Nd3 b4 24. Nf4 Rc8 25. Bd2 Qc2 26. Qe1 Nxf4 27. Bxf4
Rd8 28. Bf3 Bb7 29. Bxb7 Rd1 30. Qxd1 Qxd1+ 31. Kg2 Qc2 32. Be3 Qxa2 33. Bxa7
Qxa7 0-1

[Event "Titled Tue 24th Jun Early"]
[Site "chess.com INT"]
[Date "2025.06.24"]
[Round "6"]
[White "Bjerre, Jonas Buhl"]
[Black "Jakubowski, Krzysztof"]
[Result "1-0"]
[WhiteTitle "GM"]
[BlackTitle "GM"]
[WhiteElo "2651"]
[BlackElo "2448"]
[WhiteFideId "1444948"]
[BlackFideId "1112848"]
[EventDate "2025.06.24"]

1. e4 c5 2. Nf3 e6 3. b3 b6 4. c4 Bb7 5. Nc3 Nc6 6. Bb2 e5 7. g3 g6 8. Bg2 Bg7
9. O-O Nge7 10. Nd5 O-O 11. d3 d6 12. a3 f5 13. exf5 gxf5 14. Nh4 Qd7 15. Qh5
Rf7 16. f4 Raf8 17. Rae1 Bc8 18. Kh1 e4 19. Bxg7 Rxg7 20. dxe4 Nxd5 21. cxd5 Ne7
22. e5 dxe5 23. fxe5 Bb7 24. e6 Qd6 25. Nxf5 Nxf5 26. Rxf5 Rxf5 27. Qxf5 b5 28.
Qe5 Qxe5 29. Rxe5 Kf8 30. d6 Bxg2+ 31. Kxg2 1-0